[Event "Online Olym Div2 E 2020"]
[Site "chess.com INT"]
[Date "2020.08.14"]
[Round "2.1"]
[Board "1"]
[White "Matamoros Franco, Carlos S."]
[Black "Djukic, Nikola"]
[Result "1/2-1/2"]
[WhiteTitle "GM"]
[BlackTitle "GM"]
[WhiteElo "2495"]
[BlackElo "2525"]
[WhiteTeam "Ecuador"]
[BlackTeam "Montenegro"]
[WhiteFideId "3600017"]
[BlackFideId "922412"]
[EventDate "2020.08.14"]
[EventType "team"]

1. c4 g6 2. g3 Bg7 3. Bg2 d6 4. d4 Nf6 5. Nc3 O-O 6. Nf3 Nc6 7. O-O e5 8. d5 Nb8
9. e4 a5 10. Bg5 h6 11. Bd2 Na6 12. Qe2 Nc5 13. b3 Ne8 14. Rac1 Kh7 15. Nh4 f5
16. exf5 gxf5 17. Qh5 Qf6 18. g4 Qf7 19. Qxf7 Rxf7 20. Nxf5 Bxf5 21. gxf5 Rxf5
22. Ne4 Rf8 23. Nxc5 dxc5 24. Be3 b6 25. d6 Rd8 26. dxc7 Nxc7 27. Bh3 Rd6 28.
Rfd1 Rfd8 29. Rxd6 Rxd6 30. Kf1 Kg6 31. Ke2 Kf7 32. Rd1 Rxd1 33. Kxd1 Ne6 34.
Bxe6+ Kxe6 35. Ke2 Kf5 36. f3 h5 37. h3 e4 38. Bf2 Be5 39. Bh4 Bc7 40. Be7 Ke6
41. Bh4 Kf5 42. Be7 Ke6 43. Bh4 Kf5 1/2-1/2

[Event "Online Olym Div2 E 2020"]
[Site "chess.com INT"]
[Date "2020.08.14"]
[Round "2.1"]
[Board "2"]
[White "Kalezic, Blazo"]
[Black "Munoz Sanchez, Miguel"]
[Result "1/2-1/2"]
[WhiteTitle "IM"]
[BlackTitle "IM"]
[WhiteElo "2448"]
[BlackElo "2222"]
[WhiteTeam "Montenegro"]
[BlackTeam "Ecuador"]
[WhiteFideId "921815"]
[BlackFideId "3600734"]
[EventDate "2020.08.14"]
[EventType "team"]

1. e4 c5 2. Nf3 d6 3. d4 cxd4 4. Nxd4 Nf6 5. Nc3 a6 6. Be3 e5 7. Nb3 Be6 8. Qd2
Be7 9. f3 O-O 10. O-O-O Nbd7 11. g4 b5 12. g5 b4 13. Ne2 Ne8 14. Kb1 a5 15. f4
Nb6 16. Ng3 a4 17. Nc1 exf4 18. Bxf4 d5 19. Qe3 Nd6 20. Bxd6 Qxd6 21. Nf5 Bxf5
22. exf5 Rfc8 23. f6 gxf6 24. Bd3 fxg5 25. Rhe1 Bf6 26. Qh3 Bg7 1/2-1/2

[Event "Online Olym Div2 E 2020"]
[Site "chess.com INT"]
[Date "2020.08.14"]
[Round "2.1"]
[Board "4"]
[White "Bacic, Kristina"]
[Black "Heredia Serrano, Carla"]
[Result "1/2-1/2"]
[BlackTitle "WGM"]
[WhiteElo "1856"]
[BlackElo "2114"]
[WhiteTeam "Montenegro"]
[BlackTeam "Ecuador"]
[WhiteFideId "16500245"]
[BlackFideId "3603687"]
[EventDate "2020.08.14"]
[EventType "team"]

1. d4 d5 2. Nf3 Nf6 3. c3 Bf5 4. Bg5 e6 5. e3 c5 6. Bd3 Bxd3 7. Qxd3 Qb6 8. b3
Be7 9. Bxf6 Bxf6 10. O-O O-O 11. Nbd2 Nc6 12. Rab1 Rfc8 13. dxc5 Qxc5 14. Rfc1
Rd8 15. b4 Qe7 16. Nd4 Ne5 17. Qe2 Rac8 18. c4 dxc4 19. Nxc4 Nxc4 20. Rxc4 Bxd4
21. exd4 Rxc4 22. Qxc4 Qd6 23. Rd1 h6 24. g3 Qd5 25. Qxd5 Rxd5 26. f4 Kf8 27.
Kf2 Ke7 28. Ke3 a5 29. a4 g5 30. Rb1 gxf4+ 31. gxf4 axb4 32. Rxb4 Rd7 33. Rb5 f5
34. Rb6 Rc7 35. Kd3 h5 36. Rb5 h4 37. d5 exd5 38. Rxd5 Ke6 39. Re5+ Kf6 40. Rb5
Rd7+ 41. Ke3 Rc7 42. Rb6+ Kg7 43. Kd3 Rd7+ 44. Ke3 Re7+ 1/2-1/2

[Event "Online Olym Div2 E 2020"]
[Site "chess.com INT"]
[Date "2020.08.14"]
[Round "2.1"]
[Board "5"]
[White "Mendoza Criollo, Carlos David"]
[Black "Alivodic, Dario"]
[Result "1/2-1/2"]
[WhiteTitle "CM"]
[WhiteElo "2058"]
[BlackElo "2103"]
[WhiteTeam "Ecuador"]
[BlackTeam "Montenegro"]
[WhiteFideId "3618323"]
[BlackFideId "16501632"]
[EventDate "2020.08.14"]
[EventType "team"]

1. d4 e6 2. c4 d5 3. Nc3 c6 4. cxd5 exd5 5. g3 Nf6 6. Bg2 Bd6 7. e3 h5 8. Nge2
h4 9. Qc2 Bg4 10. h3 hxg3 11. Nxg3 Bxg3 12. fxg3 Bh5 13. O-O Bg6 14. Qf2 Qd6 15.
e4 dxe4 16. Bf4 Qe6 17. Rae1 O-O 18. g4 Nbd7 19. g5 Nd5 20. Nxe4 Bxe4 21. Rxe4
Qf5 22. Qh4 Rfe8 23. Be5 Qg6 24. Rg4 Nxe5 25. Be4 Nxg4 26. Bxg6 fxg6 27. hxg4
Re2 28. Re1 Rxb2 29. Qg3 Rf8 30. Rf1 Re8 31. Re1 Rf8 32. Rf1 Re8 33. Re1 Rf8 1/2-1/2

[Event "Online Olym Div2 E 2020"]
[Site "chess.com INT"]
[Date "2020.08.14"]
[Round "2.1"]
[Board "6"]
[White "Popovic, Mateja"]
[Black "Ortiz Verdezoto, Anahi"]
[Result "0-1"]
[BlackTitle "WIM"]
[WhiteElo "1498"]
[BlackElo "2013"]
[WhiteTeam "Montenegro"]
[BlackTeam "Ecuador"]
[WhiteFideId "16504518"]
[BlackFideId "3614581"]
[EventDate "2020.08.14"]
[EventType "team"]

1. d4 d5 2. c4 e6 3. Nc3 Nf6 4. Bg5 Be7 5. e3 Nbd7 6. Nf3 O-O 7. Rc1 c6 8. cxd5
exd5 9. Bd3 Re8 10. O-O Nf8 11. Ne5 Ng6 12. f4 Bd6 13. Qc2 a6 14. h4 Nf8 15. h5
h6 16. Bh4 Be7 17. Bxf6 Bxf6 18. Bf5 Bd7 19. Na4 Bxf5 20. Qxf5 Qc8 21. Qxc8
Raxc8 22. Nc5 Rc7 23. Ncd3 Be7 24. a3 Bd6 25. Kf2 Nh7 26. Rh1 Nf6 27. Rh3 Ne4+
28. Ke2 f6 29. Ng4 b6 30. Rf3 c5 31. dxc5 bxc5 32. Ndf2 f5 33. Nxe4 dxe4 34.
Nxh6+ gxh6 35. Rg3+ Rg7 0-1

[Event "Online Olym Div2 E 2020"]
[Site "chess.com INT"]
[Date "2020.08.14"]
[Round "2.2"]
[Board "1"]
[White "Greet, Andrew N"]
[Black "Rios, Cristhian Camilo"]
[Result "1/2-1/2"]
[WhiteTitle "IM"]
[BlackTitle "GM"]
[WhiteElo "2417"]
[BlackElo "2464"]
[WhiteTeam "Scotland"]
[BlackTeam "Colombia"]
[WhiteFideId "405817"]
[BlackFideId "4403940"]
[EventDate "2020.08.14"]
[EventType "team"]

1. e4 c5 2. d4 cxd4 3. c3 d3 4. Bxd3 g6 5. c4 d6 6. Nc3 Bg7 7. Nge2 Nc6 8. O-O
Nf6 9. Bg5 O-O 10. Rc1 Ne5 11. b3 Nxd3 12. Qxd3 Bd7 13. Rfd1 Bc6 14. Qe3 Qa5 15.
f3 Rfe8 16. Bh6 Bh8 17. Nd4 Nd7 18. Rc2 Rac8 19. Nd5 e6 20. Nc3 d5 21. Nxc6 bxc6
22. Na4 d4 23. Qd2 Qh5 24. c5 e5 25. Qg5 Qxg5 26. Bxg5 f5 27. Nb2 fxe4 28. fxe4
Bf6 29. Bc1 Bd8 30. Nd3 Nf6 31. Re2 a5 32. Rf1 Re6 33. Bg5 Nd7 34. h4 Bxg5 35.
hxg5 Rf8 36. Rc2 Rb8 37. Rcf2 Re7 38. Rf3 Rb5 39. Rc1 Rf7 40. Kf2 Rxf3+ 41. gxf3
Kf7 42. Kg3 Ke6 43. Rh1 Nxc5 44. a4 Nxd3 45. axb5 cxb5 46. Ra1 Nb2 47. Ra2 Nd1
48. Rxa5 d3 49. Ra6+ Ke7 50. Ra2 Ne3 51. Kf2 Nc2 52. Ra5 Nd4 53. Ke3 d2 54. Ra7+
Ke6 55. Kxd2 Nxf3+ 56. Ke3 Nxg5 57. Rb7 h5 58. Rb6+ Kf7 59. Rxb5 h4 60. Rxe5 h3
61. Kf2 Kf6 62. Rxg5 Kxg5 63. Kg3 h2 64. Kxh2 Kf4 65. b4 Kxe4 66. Kg3 Kd5 67.
Kg4 Kc4 68. Kg5 Kxb4 69. Kxg6 1/2-1/2

[Event "Online Olym Div2 E 2020"]
[Site "chess.com INT"]
[Date "2020.08.14"]
[Round "2.2"]
[Board "3"]
[White "Arakhamia-Grant, Ketevan"]
[Black "Rivera, Ingris"]
[Result "1/2-1/2"]
[WhiteTitle "GM"]
[BlackTitle "WIM"]
[WhiteElo "2380"]
[BlackElo "2249"]
[WhiteTeam "Scotland"]
[BlackTeam "Colombia"]
[WhiteFideId "13600168"]
[BlackFideId "4402472"]
[EventDate "2020.08.14"]
[EventType "team"]

1. e4 c5 2. Nf3 d6 3. d4 cxd4 4. Nxd4 Nf6 5. Nc3 a6 6. Be3 e5 7. Nf3 Be7 8. a4
O-O 9. Bc4 Be6 10. Bd5 Nc6 11. O-O Rc8 12. Re1 h6 13. Nd2 Bxd5 14. exd5 Nb4 15.
Nb3 Qd7 16. h3 Qf5 17. Re2 Rc7 18. Bb6 Rxc3 19. bxc3 Nbxd5 20. Ba5 b6 21. c4 Nf4
22. Bxb6 Qg6 23. f3 Nxh3+ 24. Kf1 Nf4 25. Rd2 N6h5 26. Be3 Ng3+ 27. Kg1 Qh5 28.
Bxf4 exf4 29. Rd5 Qh1+ 30. Kf2 Qh4 31. Kg1 Rc8 32. Nd2 Bf6 33. Rb1 Qh1+ 34. Kf2
Qh4 35. Kg1 Rc5 36. Ne4 Rxd5 37. Nxf6+ gxf6 38. cxd5 Qh1+ 39. Kf2 Qh4 40. Kg1
Qh1+ 41. Kf2 Qh4 42. Rb8+ Kg7 43. Qe1 Nf5+ 44. Ke2 Qg5 45. Kd3 Ne3 46. c4 Qxg2
47. Qd2 Qxf3 48. Qe2 Qg3 49. Kd2 Nf5 50. Qe8 Qf2+ 51. Kc3 Qd4+ 52. Kb3 Qd3+ 53.
Kb4 Qd2+ 54. Ka3 Qc3+ 55. Ka2 Qxc4+ 56. Ka3 Qc3+ 57. Ka2 Qc4+ 58. Ka3 Qc3+ 59.
Ka2 Qd2+ 60. Ka3 Qc3+ 1/2-1/2

[Event "Online Olym Div2 E 2020"]
[Site "chess.com INT"]
[Date "2020.08.14"]
[Round "2.2"]
[Board "5"]
[White "Abdulla, Murad"]
[Black "Cardoso Cardoso, Jose Gabriel"]
[Result "0-1"]
[WhiteTitle "FM"]
[BlackTitle "FM"]
[WhiteElo "2287"]
[BlackElo "2414"]
[WhiteTeam "Scotland"]
[BlackTeam "Colombia"]
[WhiteFideId "2403757"]
[BlackFideId "4430492"]
[EventDate "2020.08.14"]
[EventType "team"]

1. e4 c5 2. Nf3 d6 3. d4 cxd4 4. Nxd4 Nf6 5. Nc3 a6 6. h3 e6 7. a4 Nc6 8. Nxc6
bxc6 9. Bd3 d5 10. O-O Be7 11. e5 Nd7 12. f4 O-O 13. Kh1 a5 14. Qh5 g6 15. Qf3
Bb7 16. Qg3 Nc5 17. Be2 Ba6 18. Bxa6 Nxa6 19. b3 Nb4 20. Qf2 c5 21. Nb5 Rc8 22.
Bb2 c4 23. Bd4 cxb3 24. cxb3 Rc2 25. Qe3 Qd7 26. Rae1 Rc6 27. Re2 Nc2 28. Qd3
Nxd4 29. Nxd4 Rcc8 30. g4 Qc7 31. Nb5 Qc5 32. f5 Bg5 33. Nd4 exf5 34. gxf5 Qc3
35. Rf3 Qc1+ 36. Kg2 Qa1 37. Nc2 Qb1 38. Nd4 Qa1 39. Nc2 Qc1 40. e6 fxe6 41. Rf1
Qb2 42. fxg6 Rxf1 43. gxh7+ Kh8 44. Kxf1 Rf8+ 45. Kg2 Qf6 46. Qd4 Kxh7 47. Qxf6
Rxf6 48. Nd4 Rg6 49. Nxe6 Bh4+ 50. Kf3 Rg3+ 51. Kf4 Rxb3 52. Kg4 Bf6 53. Kf5
Rf3+ 54. Kg4 Ra3 55. Kf5 Bh4 56. Nc5 Rc3 57. Nb7 d4 58. Nxa5 d3 59. Rd2 Be1 60.
Rd1 d2 61. Ke4 Rc1 0-1

[Event "Online Olym Div2 E 2020"]
[Site "chess.com INT"]
[Date "2020.08.14"]
[Round "2.3"]
[Board "2"]
[White "Munoz, Francisco Javier"]
[Black "Howell, David W L"]
[Result "0-1"]
[WhiteTitle "FM"]
[BlackTitle "GM"]
[WhiteElo "2389"]
[BlackElo "2663"]
[WhiteTeam "Argentina"]
[BlackTeam "England"]
[WhiteFideId "128368"]
[BlackFideId "410608"]
[EventDate "2020.08.14"]
[EventType "team"]

1. e4 c6 2. c4 d5 3. exd5 cxd5 4. cxd5 Nf6 5. Nc3 Nxd5 6. Nf3 e6 7. d4 Nc6 8.
Bb5 Be7 9. O-O O-O 10. Re1 Bf6 11. Bxc6 bxc6 12. Ne4 Be7 13. Bg5 f6 14. Bd2 a5
15. Rc1 Qb6 16. Bc3 a4 17. Nfd2 Rd8 18. Qc2 Qb5 19. Nf3 Bd7 20. a3 Rab8 21. Rb1
Be8 22. Nfd2 Bg6 23. Qd1 Qd3 24. Ba5 Rdc8 25. Qxa4 Qa6 26. b4 Qd3 27. Qb3 Qxd4
28. Rbc1 Bf7 29. Nf3 Qa7 30. Qd1 c5 31. Qd2 cxb4 32. axb4 Rxc1 33. Rxc1 Nxb4 34.
Bc7 Ra8 35. Bd6 Nd5 36. Bxe7 Qxe7 37. h3 h6 38. Qd4 Qa3 39. Qc5 Qxc5 40. Rxc5
Rd8 41. g3 g5 42. Kg2 Kg7 43. Ra5 Rd7 44. Nc5 Re7 45. Nd4 Kg6 46. Nc6 Re8 47.
Nb7 Rc8 48. Nbd8 Rc7 49. Ra8 h5 50. Ra5 Rd7 51. Nxf7 Kxf7 52. Ra8 Rc7 53. Nd4
Re7 54. Nc6 Rd7 55. Rh8 Kg6 56. Rg8+ Kh7 57. Rf8 Kg7 58. Re8 Nc7 59. Rb8 Rd6 60.
Nd8 Nd5 61. Ra8 Kg6 62. Nb7 Rc6 63. Rg8+ Kh7 64. Re8 e5 65. Rd8 Nb6 66. Nd6 g4
67. h4 Kg6 68. Rg8+ Kh7 69. Rd8 Nc4 70. Rd7+ Kg6 71. Ne8 Re6 72. Ng7 Ra6 73. Ne8
Re6 74. Ng7 Rd6 75. Rc7 Nd2 76. Ne8 Re6 77. Ng7 Ra6 78. Ne8 Nf3 79. Rg7+ Kf5 80.
Kf1 Ra1+ 81. Ke2 e4 82. Nd6+ Ke5 83. Nf7+ Kd4 0-1

[Event "Online Olym Div2 E 2020"]
[Site "chess.com INT"]
[Date "2020.08.14"]
[Round "2.3"]
[Board "5"]
[White "Wadsworth, Matthew J"]
[Black "Coro, Lucas"]
[Result "1/2-1/2"]
[WhiteTitle "IM"]
[BlackTitle "IM"]
[WhiteElo "2416"]
[BlackElo "2352"]
[WhiteTeam "England"]
[BlackTeam "Argentina"]
[WhiteFideId "415804"]
[BlackFideId "147222"]
[EventDate "2020.08.14"]
[EventType "team"]

1. c4 g6 2. g3 Bg7 3. Bg2 d6 4. Nf3 e5 5. Nc3 f5 6. d3 Nf6 7. Rb1 a5 8. a3 O-O
9. O-O h6 10. b4 axb4 11. axb4 g5 12. Bb2 Nc6 13. b5 Ne7 14. Nd2 Ng6 15. Ra1 Rb8
16. Qb3 Kh8 17. Ra7 f4 18. Rfa1 g4 19. Ra8 Rxa8 20. Rxa8 Qd7 21. Nce4 Nxe4 22.
Nxe4 f3 23. Bf1 fxe2 24. Bxe2 b6 25. Qd1 h5 26. Qd2 Bb7 27. Rxf8+ Nxf8 28. Qg5
Qf7 29. Qd8 Bxe4 30. dxe4 Kh7 31. h4 Ne6 32. Qc8 Nc5 33. Bc1 Ne6 34. Be3 Bh6 35.
Qa8 Bxe3 36. fxe3 Nc5 37. Qc6 Kg7 1/2-1/2

[Event "Online Olym Div2 E 2020"]
[Site "chess.com INT"]
[Date "2020.08.14"]
[Round "2.4"]
[Board "1"]
[White "Banusz, Tamas"]
[Black "Diaz Rosas, Julio Cesar"]
[Result "1/2-1/2"]
[WhiteTitle "GM"]
[BlackTitle "FM"]
[WhiteElo "2628"]
[BlackElo "2367"]
[WhiteTeam "Hungary"]
[BlackTeam "Mexico"]
[WhiteFideId "722413"]
[BlackFideId "5105099"]
[EventDate "2020.08.14"]
[EventType "team"]

1. d4 Nf6 2. Nf3 g6 3. g3 Bg7 4. Bg2 O-O 5. O-O d6 6. c4 c6 7. Nc3 Bf5 8. Ne1
Qc8 9. e4 Bh3 10. Nc2 Bxg2 11. Kxg2 Nbd7 12. Qe2 Ne8 13. Be3 Nc7 14. Rac1 Re8
15. Rfd1 b6 16. f4 Qb7 17. Qf3 Rad8 18. e5 dxe5 19. dxe5 Ne6 20. Nb4 Rc8 21. Ne4
Red8 22. Rd2 Nef8 23. Rcd1 a5 24. Nc2 Qc7 25. Nd4 Nb8 26. g4 Qb7 27. h4 Rc7 28.
h5 Rcd7 29. hxg6 Nxg6 30. Rh1 c5 31. Nf5 Rxd2+ 32. Nxd2 Qxf3+ 33. Kxf3 Nc6 34.
Ne4 Bf8 35. Nc3 Nb4 36. Rh2 e6 37. Ne4 Bg7 38. Nxg7 Kxg7 39. a3 Nc6 40. Bd2 Nd4+
41. Kf2 Nc6 42. Ke3 Nd4 43. Bc3 h6 44. Nf6 Nc6 45. Ke4 Rd1 46. Rf2 Nd4 47. f5
Nf8 48. Rh2 Rg1 49. Bxd4 cxd4 50. Kxd4 Nh7 51. fxe6 fxe6 52. Nh5+ Kg8 53. Rh4
Kf7 54. Nf4 Ng5 55. Rxh6 Rxg4 56. Rf6+ Ke7 57. Ke3 Rg3+ 58. Ke2 Rb3 59. Nd3 Ne4
60. Rh6 Nc5 61. Rh7+ Ke8 62. Nxc5 bxc5 63. Rc7 Rxb2+ 64. Ke3 Rb3+ 65. Ke4 Rxa3
66. Rxc5 Kd7 67. Rb5 Kc6 68. Kd4 Ra1 69. Rc5+ Kd7 70. Kc3 a4 71. Kb4 a3 72. Ra5
Rb1+ 73. Kxa3 Kc6 74. Ka2 Rb4 75. Ra6+ Kc5 76. Rxe6 Rxc4 1/2-1/2

[Event "Online Olym Div2 E 2020"]
[Site "chess.com INT"]
[Date "2020.08.14"]
[Round "2.4"]
[Board "2"]
[White "Gracia Alvarez, Gerardo An"]
[Black "Balog, Imre"]
[Result "0-1"]
[WhiteTitle "FM"]
[BlackTitle "GM"]
[WhiteElo "2308"]
[BlackElo "2567"]
[WhiteTeam "Mexico"]
[BlackTeam "Hungary"]
[WhiteFideId "5109124"]
[BlackFideId "728446"]
[EventDate "2020.08.14"]
[EventType "team"]

1. d4 Nf6 2. c4 c5 3. d5 b5 4. cxb5 a6 5. bxa6 g6 6. Nc3 Bg7 7. e4 O-O 8. Be2
Qa5 9. Bd2 Bxa6 10. e5 Ne8 11. Nf3 d6 12. e6 fxe6 13. Ng5 Nc7 14. Nb5 Qxb5 15.
Bxb5 Bxb5 16. Qb3 exd5 17. Qh3 h6 18. Nf3 g5 19. Bxg5 Bd7 20. Qh5 Be8 21. Qg4
hxg5 22. Qxg5 Nc6 23. h4 Kh8 24. h5 Ne6 25. Qxd5 Nf4 26. Qg5 Nd3+ 27. Ke2 c4 28.
Rh4 Ra5 29. Qe3 Nce5 30. h6 Bf6 31. Nxe5 Rxe5 32. Re4 Bg5 33. Qd4 Rxf2+ 34. Kd1
Rd2# 0-1

[Event "Online Olym Div2 E 2020"]
[Site "chess.com INT"]
[Date "2020.08.14"]
[Round "2.4"]
[Board "3"]
[White "Papp, Petra"]
[Black "Guerrero Rodriguez, Alejandra"]
[Result "1/2-1/2"]
[WhiteTitle "WGM"]
[BlackTitle "WIM"]
[WhiteElo "2338"]
[BlackElo "2068"]
[WhiteTeam "Hungary"]
[BlackTeam "Mexico"]
[WhiteFideId "739049"]
[BlackFideId "5104297"]
[EventDate "2020.08.14"]
[EventType "team"]

1. e4 e5 2. Nf3 Nf6 3. Nxe5 d6 4. Nf3 Nxe4 5. Nc3 Nxc3 6. dxc3 Be7 7. Be3 O-O 8.
Qd2 Bf6 9. O-O-O Nc6 10. h4 Bg4 11. Be2 Re8 12. Kb1 a5 13. h5 h6 14. Rde1 a4 15.
Bd3 a3 16. b3 Ne5 17. Nxe5 Bxe5 18. f3 Be6 19. g4 Bf6 20. Rhg1 Bd5 21. f4 Bh4
22. Re2 Be4 23. g5 Bxd3 24. Qxd3 hxg5 25. fxg5 Ra5 26. g6 fxg6 27. Qxg6 Bf6 28.
Bd4 Rxe2 29. Bxf6 Qxf6 30. Qxf6 Re1+ 31. Rxe1 gxf6 32. Re8+ Kf7 33. Rc8 Rxh5 34.
Rxc7+ Ke6 35. Kc1 Rh2 36. Rxb7 f5 37. Kd1 f4 38. Rb8 Ke5 39. Re8+ Kf5 40. b4 f3
41. b5 Kf4 42. b6 Rh7 43. Rf8+ Ke3 44. Re8+ Kf4 45. Rf8+ Ke3 46. Re8+ Kf4 1/2-1/2

[Event "Online Olym Div2 E 2020"]
[Site "chess.com INT"]
[Date "2020.08.14"]
[Round "2.4"]
[Board "4"]
[White "Guillen Cristobal, Sandra N"]
[Black "Gara, Ticia"]
[Result "0-1"]
[BlackTitle "WGM"]
[WhiteElo "1942"]
[BlackElo "2371"]
[WhiteTeam "Mexico"]
[BlackTeam "Hungary"]
[WhiteFideId "5131790"]
[BlackFideId "717444"]
[EventDate "2020.08.14"]
[EventType "team"]

1. e4 c5 2. Nf3 d6 3. d4 cxd4 4. Nxd4 Nf6 5. Nc3 Nc6 6. Be2 g6 7. O-O Bg7 8. Be3
O-O 9. h3 Bd7 10. Qd2 Rc8 11. f4 Nxd4 12. Bxd4 Bc6 13. Bf3 Qa5 14. Qf2 b6 15.
Rfe1 e5 16. Be3 Qb4 17. Nd5 Bxd5 18. c3 Nxe4 19. cxb4 Nxf2 20. Bxd5 Nd3 21. Re2
exf4 22. Bf2 Nxb4 23. Bb3 Rfe8 24. Rd2 Be5 25. Rad1 Rc7 26. a3 Na6 27. Ba4 Rec8
28. Bb5 Nc5 29. b4 Ne4 30. Rd5 Nc3 31. Ba6 Nxd5 32. Bxc8 Nc3 33. Rd3 Rxc8 34.
Bh4 Kg7 35. Kf2 g5 36. Bxg5 Ne4+ 0-1

[Event "Online Olym Div2 E 2020"]
[Site "chess.com INT"]
[Date "2020.08.14"]
[Round "2.4"]
[Board "6"]
[White "Mellado Reyes, Rebeca"]
[Black "Demeter, Dorina"]
[Result "0-1"]
[WhiteTitle "WCM"]
[BlackTitle "WFM"]
[WhiteElo "1750"]
[BlackElo "2033"]
[WhiteTeam "Mexico"]
[BlackTeam "Hungary"]
[WhiteFideId "5132711"]
[BlackFideId "778079"]
[EventDate "2020.08.14"]
[EventType "team"]

1. d4 Nf6 2. Nf3 d5 3. Bf4 c5 4. e3 Nc6 5. c3 Qb6 6. Qc1 Bf5 7. Be2 cxd4 8. exd4
Rc8 9. O-O Nb4 10. Na3 Nd3 11. Bxd3 Bxd3 12. Re1 e6 13. Nc2 Bd6 14. Ne5 Bxc2 15.
Qxc2 Qxd4 16. cxd4 Rxc2 17. Rac1 Rxc1 18. Rxc1 O-O 19. f3 Nd7 20. Nd3 Bxf4 21.
Nxf4 Nb6 22. Nd3 Rc8 23. Rxc8+ Nxc8 24. Kf2 Kf8 25. Nc5 Nd6 26. b3 Ke7 27. Ke3
b6 28. Na4 Nf5+ 29. Kd3 Nh4 30. Ke2 Nxg2 31. Nb2 g5 32. Nd1 f6 33. Nc3 Nf4+ 34.
Ke3 Kd7 35. Nb5 a6 36. Nc3 Kd6 37. b4 b5 38. Nb1 e5 39. Nd2 Ne6 40. Nb3 Nxd4 41.
Nxd4 exd4+ 42. Kxd4 h6 43. h3 h5 44. a3 h4 45. Kd3 Ke5 46. Ke3 d4+ 47. Kd3 Kd5
48. Kd2 Kc4 49. Kc2 d3+ 50. Kd2 Kd4 51. Kd1 Kc3 52. Kc1 d2+ 53. Kd1 Kd3 54. a4
bxa4 55. b5 a3 0-1

[Event "Online Olym Div2 E 2020"]
[Site "chess.com INT"]
[Date "2020.08.14"]
[Round "2.5"]
[Board "1"]
[White "Zambrana, Oswaldo"]
[Black "Minero Pineda, Sergio"]
[Result "0-1"]
[WhiteTitle "GM"]
[BlackTitle "IM"]
[WhiteElo "2438"]
[BlackElo "2365"]
[WhiteTeam "Bolivia"]
[BlackTeam "Costa Rica"]
[WhiteFideId "3300200"]
[BlackFideId "6500374"]
[EventDate "2020.08.14"]
[EventType "team"]

1. e4 e6 2. d4 d5 3. Nd2 c5 4. Ngf3 cxd4 5. exd5 Qxd5 6. Bc4 Qd6 7. O-O Nc6 8.
Nb3 a6 9. Nbxd4 Nxd4 10. Nxd4 Qc7 11. Bb3 Bd6 12. Kh1 Ne7 13. Qf3 O-O 14. c3 Bd7
15. Be3 e5 16. Ne2 Bc6 17. Qh5 Be4 18. Ng3 Bg6 19. Qf3 Qc6 20. Qxc6 Nxc6 21.
Rad1 Bc7 22. Rd7 Rac8 23. h4 Nb8 24. Rd5 h5 25. f4 exf4 26. Bxf4 Bxf4 27. Rxf4
Rcd8 28. Rg5 Kh7 29. Nxh5 f6 30. Rxg6 Kxg6 31. Ng3 Rd2 32. h5+ Kh7 33. Nf5 Rfd8
34. Rg4 R8d7 35. Be6 Rc7 36. b4 Nc6 37. a4 Ne5 38. Rg3 Rd3 39. Rxd3 Nxd3 40. Nd6
Rxc3 41. Nxb7 Nxb4 42. Nd6 Kh6 43. g4 Ra3 44. Bf5 Kg5 45. Ne8 Rxa4 46. Nxg7 Ra2
47. Ne6+ Kh6 48. Nd8 a5 49. Nf7+ Kg7 50. Be6 Rb2 51. Nd6 a4 52. Ne8+ Kh6 53.
Nxf6 a3 54. Ng8+ Kg7 55. h6+ Kh8 56. g5 a2 57. Bxa2 Rxa2 58. Nf6 Ra6 59. Kg2 Nd3
60. Kf3 Ne5+ 61. Kf4 Ng6+ 62. Kf5 Ne7+ 63. Ke5 Ng8 64. Nd7 Ra5+ 65. Kf4 Ne7 66.
Kg4 Ng6 67. Kh5 Nf4+ 68. Kg4 Ne6 0-1

[Event "Online Olym Div2 E 2020"]
[Site "chess.com INT"]
[Date "2020.08.14"]
[Round "2.5"]
[Board "2"]
[White "Duran Vega, Sergio"]
[Black "Gemy, Jose Daniel"]
[Result "1/2-1/2"]
[WhiteTitle "IM"]
[BlackTitle "IM"]
[WhiteElo "2340"]
[BlackElo "2380"]
[WhiteTeam "Costa Rica"]
[BlackTeam "Bolivia"]
[WhiteFideId "6501311"]
[BlackFideId "3301478"]
[EventDate "2020.08.14"]
[EventType "team"]

1. d4 Nf6 2. Nf3 e6 3. c4 b6 4. g3 Ba6 5. b3 c6 6. Bg2 d5 7. Nbd2 Nbd7 8. O-O
Bd6 9. e4 Nxe4 10. Nxe4 dxe4 11. Ng5 Nf6 12. Nxe4 Nxe4 13. Bxe4 Bb7 14. Be3 Qc7
15. c5 bxc5 16. dxc5 Be5 17. Rb1 O-O 18. Qc2 g6 19. Rfd1 Rfd8 20. b4 a5 21.
Rxd8+ Rxd8 22. bxa5 Qxa5 23. Rxb7 Qe1+ 24. Kg2 Rd1 25. Rb1 Qf1+ 26. Kf3 Qh1+ 27.
Ke2 Qe1+ 28. Kf3 Qh1+ 29. Ke2 Qe1+ 30. Kf3 Qh1+ 1/2-1/2

[Event "Online Olym Div2 E 2020"]
[Site "chess.com INT"]
[Date "2020.08.14"]
[Round "2.5"]
[Board "4"]
[White "Castillo Morales, Thais"]
[Black "Estrada, Lucia"]
[Result "0-1"]
[WhiteTitle "WIM"]
[BlackTitle "WIM"]
[WhiteElo "1846"]
[BlackElo "1888"]
[WhiteTeam "Costa Rica"]
[BlackTeam "Bolivia"]
[WhiteFideId "6507395"]
[BlackFideId "3301923"]
[EventDate "2020.08.14"]
[EventType "team"]

1. c4 c6 2. g3 d5 3. Bg2 Nf6 4. Nf3 dxc4 5. Qc2 Qd5 6. Nc3 Qh5 7. Ne4 Nxe4 8.
Qxe4 Be6 9. O-O Nd7 10. Qc2 g6 11. Qc3 f6 12. b3 cxb3 13. axb3 Bg7 14. Ba3 O-O
15. Qe3 Bd5 16. Qxe7 Rf7 17. Qb4 Re8 0-1

[Event "Online Olym Div2 E 2020"]
[Site "chess.com INT"]
[Date "2020.08.14"]
[Round "3.1"]
[Board "1"]
[White "Valdes Romero, Leonardo"]
[Black "Matamoros Franco, Carlos S."]
[Result "1/2-1/2"]
[WhiteTitle "IM"]
[BlackTitle "GM"]
[WhiteElo "2402"]
[BlackElo "2495"]
[WhiteTeam "Costa Rica"]
[BlackTeam "Ecuador"]
[WhiteFideId "6500331"]
[BlackFideId "3600017"]
[EventDate "2020.08.14"]
[EventType "team"]

1. Nf3 Nf6 2. g3 g6 3. Bg2 Bg7 4. O-O O-O 5. c4 c5 6. Nc3 d5 7. cxd5 Nxd5 8.
Nxd5 Qxd5 9. d3 Nc6 10. Be3 Bxb2 11. Rb1 Bf6 12. Qa4 Qd7 13. Bxc5 b6 14. Bxb6
Nd4 15. Qd1 axb6 16. Nxd4 Rxa2 17. Qb3 Rd2 18. Qb4 Ra2 19. Qb3 Rd2 20. Qb4 Ra2
21. Qb3 1/2-1/2